000 00632nam a2200193Ia 4500
001 19319
003 GE_BSU
008 181216s||||||||xx |||||||||||||| ||und||
040 _cGE_BSU
245 _aАгротехника и технологии. 4(57) Сентябрь-Октябрь 2016
245 _cГл. ред. Мария Лушникова
260 _aМосква
260 _bООО "Москоутаймс
260 _c2016
300 _a58 стр. 27 см. илл.
653 _aАгротехника и технологии. 3(55) Май-Июнь 2016
653 _aპერიოდიკა
942 _cCR
999 _c52303
_d52303